000 00497nam a2200169Ia 4500
008 230917s9999||||xx |||||||||||||| ||und||
020 _cUSD140
040 _e236466
_aMAIN
041 _aEnglish
082 _a647.94068 V443C
100 _aVasilevich Piotr, ed.
245 0 _aconsumer psychology of tourism, hospitality and leisure
260 _aNew York
_bArcler Press
_c2015
300 _avii, 246 p.
500 _a2492 14/12/2016 RBP17/62942 27/12/2016 Main Budget Periodicals
942 _cBK
999 _c20159
_d20159